Epistolario de Valera y Menéndez Pelayo, 1877-1905 / (Record no. 150522)

MARC details
000 -LEADER
campo de control de longitud fija 01144nam a2200289 i 4500
001 - NÚMERO DE CONTROL
campo de control 150522
003 - IDENTIFICADOR DE NÚMERO DE CONTROL
campo de control ES-MaACL
005 - FECHA Y HORA DE LA ÚLTIMA TRANSACCIÓN
campo de control 20251002163224.0
007 - CAMPO FIJO DE DESCRIPCIÓN FÍSICA--INFORMACIÓN GENERAL
campo de control de longitud fija t|
008 - DATOS DE LONGITUD FIJA--INFORMACIÓN GENERAL
campo de control de longitud fija 071031s1946 sp |||| |dspa d
080 ## - NÚMERO DE LA CLASIFICACIÓN DECIMAL UNIVERSAL
Número de la Clasificación Decimal Universal 929 Valera, Juan
080 ## - NÚMERO DE LA CLASIFICACIÓN DECIMAL UNIVERSAL
Número de la Clasificación Decimal Universal 929 Menéndez y Pelayo, Marcelino
100 1# - ENTRADA PRINCIPAL--NOMBRE DE PERSONA
Nombre de persona Valera, Juan,
Fechas asociadas al nombre 1824-1905
9 (RLIN) 112638
245 10 - MENCIÓN DEL TÍTULO
Título Epistolario de Valera y Menéndez Pelayo, 1877-1905 /
Mención de responsabilidad, etc. con una introducción de Miguel Artigas Ferrando y Pedro Sáinz y Rodríguez.
260 ## - PUBLICACIÓN, DISTRIBUCIÓN, ETC.
Lugar de publicación, distribución, etc. Madrid :
Nombre del editor, distribuidor, etc. Espasa-Calpe,
Fecha de publicación, distribución, etc. [1946]
300 ## - DESCRIPCIÓN FÍSICA
Extensión 620 p. ;
Dimensiones 23 cm.
490 1# - MENCIÓN DE SERIE
Mención de serie Publicaciones de la Sociedad Menéndez Pelayo
600 14 - PUNTO DE ACCESO ADICIONAL DE MATERIA--NOMBRE DE PERSONA
Nombre de persona Valera, Juan,
Fechas asociadas al nombre 1824-1905-
Subdivisión de forma Correspondencia
9 (RLIN) 112640
600 10 - PUNTO DE ACCESO ADICIONAL DE MATERIA--NOMBRE DE PERSONA
Nombre de persona Menéndez y Pelayo, Marcelino,
Fechas asociadas al nombre 1856-1912-
Subdivisión general Correspondencia
9 (RLIN) 176606
700 1# - ENTRADA AGREGADA--NOMBRE PERSONAL
Nombre de persona Menéndez y Pelayo, Marcelino.
9 (RLIN) 242304
700 1# - ENTRADA AGREGADA--NOMBRE PERSONAL
Nombre de persona Artigas Ferrando, Miguel,
Fechas asociadas al nombre 1887-1947
9 (RLIN) 23471
700 1# - ENTRADA AGREGADA--NOMBRE PERSONAL
Nombre de persona Sainz Rodríguez, Pedro,
Fechas asociadas al nombre 1898-1986
9 (RLIN) 101608
710 2# - ENTRADA AGREGADA--NOMBRE DE ENTIDAD CORPORATIVA
Nombre de entidad corporativa o nombre de jurisdicción como elemento de entrada Sociedad Menéndez Pelayo
9 (RLIN) 6793
830 1# - PUNTO DE ACCESO ADICIONAL DE SERIE-TÍTULO UNIFORME
Título uniforme Publicaciones de la Sociedad Menéndez Pelayo
9 (RLIN) 221150
852 4# - LOCALIZACIÓN
Ubicación ES-MaACL
Número de control de estantería E-1970
Holdings
Estatus retirado Estado de pérdida Estado de daño No para préstamo Biblioteca de origen Biblioteca actual Ubicación en estantería Fecha de adquisición Fuente de adquisición Total de préstamos Signatura topográfica completa Código de barras Visto por última vez Precio de reemplazo Tipo de ítem Koha
        Biblioteca del Ateneo de Madrid Biblioteca del Ateneo de Madrid Depósito 2 17/01/2008     E-1970 1157067 23/02/2023 23/02/2023 Libro impreso